000
00322 a2200133 4500
001
155847
040
_c
Escola São Tomás de Aquino
100
_a
LACERDA, Maria Alice
240
1
0
_a
Brincando com as sombras
_l
por
245
1
0
_a
Brincando com as sombras
362
0
_a
2016
697
_a
*LITERATURA INFANTIL
942
_c
BK
999
_c
155847
_d
155847